书目信息 |
| 题名: |
陪孩子一起走过幼儿园
|
|
| 作者: | 林亦 , 舒漫 编绘 | |
| 分册: | ||
| 出版信息: | 北京 北京理工大学出版社 2016 |
|
| 页数: | 189页 | |
| 开本: | 24cm | |
| 丛书名: | 爱立方家教漫画馆 | |
| 单 册: | ||
| 中图分类: | G781-49 | |
| 科图分类: | ||
| 主题词: | 儿童教育--er tong jiao yu--家庭教育--通俗读物 | |
| 电子资源: | ||
| ISBN: | 978-7-5682-2109-2 | |
| 000 | 01099nam 2200301 450 | |
| 001 | 012001003567 | |
| 005 | 20131026131124.0 | |
| 010 | @a978-7-5682-2109-2@dCNY38.00 | |
| 099 | @aCAL 012017002336 | |
| 100 | @a20161221d2016 em y0chiy50 ea | |
| 101 | 0 | @achi |
| 102 | @aCN@b110000 | |
| 105 | @aa z 000yy | |
| 106 | @ar | |
| 200 | 1 | @a陪孩子一起走过幼儿园@Apei hai zi yi qi zou guo you er yuan@f林亦, 舒漫编绘 |
| 205 | @a漫画版 | |
| 210 | @a北京@c北京理工大学出版社@d2016 | |
| 215 | @a189页@c彩图@d24cm | |
| 225 | 2 | @a爱立方家教漫画馆@Aai li fang jia jiao man hua guan |
| 314 | @a舒漫, 北京人, 职业漫画家、插画人。 | |
| 330 | @a本书主要内容包括: 多多, 上幼儿园喽 —— 上幼儿园前准备 ; 多多在幼儿园里的那些事儿 —— 入园后关键问题指导 ; 和多多一起订立规则 —— 习惯 ; 多多, 这些事情得要自己做 —— 能力培养等。 | |
| 410 | 0 | @12001 @a爱立方家教漫画馆 |
| 606 | 0 | @a儿童教育@Aer tong jiao yu@x家庭教育@j通俗读物 |
| 690 | @aG781-49@v5 | |
| 701 | 0 | @a林亦@Alin yi@4编绘 |
| 701 | 0 | @a舒漫@Ashu man@4编绘 |
| 801 | 2 | @aCN@b江苏凤凰@c20191020 |
| 905 | @b1227093-6@dG781-49@e1207@f4 | |
| 陪孩子一起走过幼儿园/林亦, 舒漫编绘.-漫画版.-北京:北京理工大学出版社,2016 |
| 189页:彩图;24cm.-(爱立方家教漫画馆) |
| ISBN 978-7-5682-2109-2:CNY38.00 |
| 本书主要内容包括: 多多, 上幼儿园喽 —— 上幼儿园前准备 ; 多多在幼儿园里的那些事儿 —— 入园后关键问题指导 ; 和多多一起订立规则 —— 习惯 ; 多多, 这些事情得要自己做 —— 能力培养等。 |
| ● |
| 相关链接 |
|
|
|
|
正题名:陪孩子一起走过幼儿园
索取号:G781-49/1207
 
预约/预借
| 序号 | 登录号 | 条形码 | 馆藏地/架位号 | 状态 | 备注 |
| 1 | 1227093 | 212270932 | 第一样本阅览室/ [索取号:G781-49/1207] | 在馆 | |
| 2 | 1227094 | 212270941 | 教育系资料室/ [索取号:G781-49/1207] | 在馆 | |
| 3 | 1227095 | 212270950 | 教育系资料室/ [索取号:G781-49/1207] | 在馆 | |
| 4 | 1227096 | 212270969 | 第四借阅区/ [索取号:G781-49/1207] | 在馆 |